Tradiciones /

Na minha lista:
Detalhes bibliográficos
Autor principal: Gómez de Avellaneda, Gertrudis (autor)
Formato: Livro
Idioma:espanhol
Publicado em: La Habana, Cuba : Letras Cubanas, 1984, c1984
Assuntos:
Tags: Adicionar Tag
Sem tags, seja o primeiro a adicionar uma tag!

MARC

LEADER 00000nam^a2200000^a^4500
001 000385954
005 20250521000000.0
009 20260310120947.403
037 |a Acervo ITESO - Biblioteca 
041 |a ESP 
082 |a 863.  |b GOM 
100 |a Gómez de Avellaneda, Gertrudis  |e (autor) 
245 1 0 |a Tradiciones /  |c G. Gómez de Avellaneda ; selec. y pról. de Mary Cruz. 
264 4 |a La Habana, Cuba :  |b Letras Cubanas,  |c 1984, c1984 
300 |a 358 p. 
336 |a texto  |b txt  |2 rdacontenido 
337 |a sin mediación  |b n  |2 rdamedio 
338 |a volumen  |b nc  |2 rdasoporte 
649 |a XX 
650 |a Novela Cubana 
650 |a Literatura Cubana -  |y Siglo XIX 
650 |a Literatura de Mujeres 
650 |a Romanticismo (Literatura) -  |z Cuba 
650 |a Feminismo -  |z España -  |x Historia 
910 |a Fondo Carlos Núñez Hurtado 
920 |a Impresos - Libros 
930 |a Fondos Especiales 
940 |a Literatura 
905 |a 117 
901 |a 0500280879  |b IT2  |c ESP  |i D80629  |u 20250521 
902 |a https://opac.biblio.iteso.mx/vufind/Record/000385954